Normal view
MARC view
- UNIVERSIDAD NACIONAL AUTONOMA DE MEXICO.
Entry Nombre Corporativo
001 - NÚMERO DE CONTROL
- campo de control: 7253
003 - IDENTIFICADOR DE NUMERO DE CONTROL
- campo de control: UPN
005 - FECHA Y HORA DE LA ÜLTIMA TRANSACCIÓN
- campo de control: 20210219193712.0
008 - DATOS DE LONGITUD FIJA
- campo de control de longitud fija: nabaccnnaabn|||||||||| b |nc|||||d
035 ## - NÚMERO DE CONTROL
- Número de control: UPN10000007257
040 ## - FUENTE DE CATALOGACIÓN
- Lenguaje de catalogación: SPA
- Agencia transcribe: UPN
110 2# - ENCABEZAMIENTO - NOMBRE CORPORATIVO
- Nombre corporativo o de jurisdicción como elemento de entrada : UNIVERSIDAD NACIONAL AUTONOMA DE MEXICO.
- Unidad subordinada: COLEGIO DE CIENCIAS Y HUMANIDADES
410 2# - MENCIÓN DE REFERENCIA “VÉASE” – NOMBRE DE ENTIDAD CORPORATIVA
- Corporate name or jurisdiction name as entry element: Colegio de Ciencias y Humanidades (Universidad Nacional Autónoma de México)
410 2# - MENCIÓN DE REFERENCIA “VÉASE” – NOMBRE DE ENTIDAD CORPORATIVA
- Corporate name or jurisdiction name as entry element: CCH
670 ## - FUENTE EN LA QUE SE LOCALIZARON DATOS
- Cita de la fuente : LC
- Información localizada: Universidad Nacional Autónoma de México. Colegio de Ciencias y Humanidades
902 ## - CATALOGADOR
- Catalogador: CAA/050907
